| 000 | 00744nam a22002177a 4500 | ||
|---|---|---|---|
| 005 | 20150318104220.0 | ||
| 008 | 140714b xxu||||| |||| 00| 0 Urdu d | ||
| 010 | _aUR-8734 | ||
| 020 | q |
_a9789380279022 _c400.00 |
|
| 035 | _aU-7289 | ||
| 037 | _bDBAD/Pub. | ||
| 040 |
_aDPL _bUrdu |
||
| 082 | _a840.8 | ||
| 100 | _aعلو ی ،تنو ير ا حمد | ||
| 110 | _b- | ||
| 245 |
_aفن تز کر ہ نگا ر ی ا و ر عصر ی ر حجا نا ت _cعلو ی ،تنو ير ا حمد |
||
| 246 |
_aFanne Tazkira Nigari Aur Asri Rujhanaat (Ek Mutaala) _bBy Tanvir Ahmed Alvi |
||
| 260 |
_aد ھلی _bShahid Publications _c2010 |
||
| 270 |
_a2253,Resham Street,Kucha Chelan, Darya Ganj, _bNew Delhi _e110002 |
||
| 300 |
_a405ص _c22Cm (Hb) |
||
| 999 |
_c92293 _d92293 |
||